| 000 | 01541 a2200205 4500 | ||
|---|---|---|---|
| 003 | Nust | ||
| 005 | 20220818142509.0 | ||
| 010 | _a 88003219 | ||
| 020 | _a0534094023 | ||
| 040 | _cNust | ||
| 082 | 0 | 0 | _a005.262,MAR |
| 100 | 1 |
_aMartins, Joao P _998061 |
|
| 245 | 1 | 0 |
_aIntroduction to computer science using Pascal / _cJo䡯 P. Martins. |
| 260 |
_aBelmont, Calif. : _bWadsworth Pub. Co., _cc1989. |
||
| 300 |
_axxii, 537 p. : _bill. ; _c25 cm. |
||
| 505 | _aComputers and Algorithms (Page-1), Chapter 2 Sl,ntax and Semantics (Page-25), Chapter 3 Structure ofa program (Page-45), 4 Development of programs (Page-75), Chapter 5 Elementary Data Types (Page-91), Chapter 6 Control Structures 1, Sequencing (Page-121), Chapter 7 Control Strucrures 2: Selection (Page-159), Chapter g Control Structures 3: Repetition (Page-193), Chapter 9 Subprograms Revisited (Page-205), Chapter t0 Structured Data Types 1,Arr; (Page-255), Chapter I I Structured Oata tlpes Z, n .ord, (Page-299), Chapter 12 Structured Oata fypes 3, Sets (Page-327), Chapter l3 :ZZ Structured Oats q,pes 4: Files (Page-353), Chapter 14 Dyramic Data T!,pes: pointers Chapter (Page-373), Abstract Data Tlzpes (Page-395), Chapter 16 The Stack as an Absrract Data Type (Page-407), Chapter I 7 The Lisr as an abstract data type (Page-431), Chapter 18 The Tree as an Abstract Oata qrpe (Page-455), Chapter 19 Hardware and Software (Page-477). | ||
| 650 | 0 | _aComputer programming. | |
| 650 | 0 |
_aPascal (Computer program language) _914014 |
|
| 942 |
_2ddc _cBK _k005.262,MAR |
||
| 999 |
_c180479 _d180479 |
||